000 00289nam a2200109Ia 4500
008 200302s9999 xx 000 0 und d
100 _aMichael T. Kubal
245 _aWaterproofing the Building Envelope
260 _bMcgraw- hill International Book co.,
260 _c1993
300 _a276 P.,
999 _c1886
_d1886